Portfolio management : theory and application

Bibliographic Details
Main Authors: Farrell, James L. (Author), Reinhart, Walter J. (Author)
Format: Book
Published: New York : McGraw-Hill , c1997
Edition:2nd ed.
Series:McGraw-Hill series in finance
Subjects:

MARC

LEADER 00000cam a2200000 7i4500
001 0000003648
005 20021118093000.0
008 021118n
020 |a 0070200823 
090 0 0 |a HG4529.5   |b .F37 1997 
100 0 |a Farrell, James L. ,   |e author 
245 0 0 |a Portfolio management :   |b theory and application   |c James L. Farrell, Jr. with the collaboration of Walter J. Reinhart 
250 |a 2nd ed. 
260 2 |a New York :   |b McGraw-Hill ,   |c c1997 
300 |a xvi, 560 p. ; ;   |c 24 cm. 
440 0 0 |a McGraw-Hill series in finance 
501 |a Revised ed. of: Guide to portfolio management. c1983 
504 |a Includes bibliographical references in index 
650 0 |a Portfolio management 
700 0 |a Reinhart, Walter J. ,   |e author 
999 |a 1000084176   |b Book   |c OPEN SHELF (30 DAYS)   |e Gong Badak Campus